Preparing for a changing climate (Record no. 109513)

MARC details
000 -LEADER
fixed length control field 01338cad a22002415a 4500
001 - CONTROL NUMBER
control field E147301
008 - FIXED-LENGTH DATA ELEMENTS--GENERAL INFORMATION
fixed length control field 090428s2009 xxk f s000 0 eng d
020 ## - INTERNATIONAL STANDARD BOOK NUMBER
International Standard Book Number 9780755959679
035 ## - SYSTEM CONTROL NUMBER
System control number (Sirsi) u147301
041 0# - LANGUAGE CODE
Language code of text/sound track or separate title eng
050 04 - LIBRARY OF CONGRESS CALL NUMBER
Classification number 333.790941 $2 18
110 2# - MAIN ENTRY--CORPORATE NAME
Corporate name or jurisdiction name as entry element Scotland
Subordinate unit Scottish Government
9 (RLIN) 5344
245 00 - TITLE STATEMENT
Title Preparing for a changing climate
Remainder of title second consultation to inform Scotland's climate change adaptation framework
Medium [electronic resource]
260 ## - PUBLICATION, DISTRIBUTION, ETC.
Place of publication, distribution, etc. Edinburgh
Name of publisher, distributor, etc. Scottish Government
Date of publication, distribution, etc. 2009
505 2# - FORMATTED CONTENTS NOTE
Formatted contents note Executive summary -- This consultation -- Chapter 1: introduction -- Chapter 2: Scotland's Climate Change Adaptation Framework -- Chapter 3: working with others -- Annex A: action programme for government 2009-2011 -- Annex B: glossary -- Annex C: The Scottish Government consultation process
520 ## - SUMMARY, ETC.
Summary, etc. Seeks views on a proposed Framework which will set out actions to be taken by the Scottish Government and other organisations to deal with the threats posed by climate change. The deadline for comments is 20 July 2009.
521 ## - TARGET AUDIENCE NOTE
Target audience note Advanced
590 ## - LOCAL NOTE (RLIN)
Local note KA
651 #4 - SUBJECT ADDED ENTRY--GEOGRAPHIC NAME
Geographic name Scotland
Chronological subdivision 1999-
690 ## - LOCAL SUBJECT ADDED ENTRY--TOPICAL TERM (OCLC, RLIN)
Topical term or geographic name as entry element ENVIRONMENTAL AND LAND CONSULTANCY-SUSTAINABILITY
856 40 - ELECTRONIC LOCATION AND ACCESS
Uniform Resource Identifier <a href="https://www.scotland.gov.uk/Publications/2009/04/23145206/0">https://www.scotland.gov.uk/Publications/2009/04/23145206/0</a>
Public note View the report free of charge at www.scotland.gov.uk...
942 ## - ADDED ENTRY ELEMENTS (KOHA)
Suppress in OPAC 0
Holdings
Withdrawn status Lost status Source of classification or shelving scheme Damaged status Not for loan Home library Current library Shelving location Date acquired Total Checkouts Full call number Barcode Date last seen Copy number Price effective from Koha item type
    Dewey Decimal Classification     Virtual Virtual Online 28/04/2009   ONLINE PUBLICATION 147301-2001 06/08/2019 1 06/08/2019 Book